S20 駅名クイズ - 阪急電鉄 ver. - Statistics

General Stats
  • This quiz has been taken 135 times
  • The average score is 72 of 103
Answer Stats
Number Answer % Correct
HK-01 大阪梅田
100%
HK-03 十三
100%
HK-02 中津
97%
HK-72 高槻市
94%
HK-16 神戸三宮
93%
HK-63 淡路
93%
HK-69 茨木市
93%
HK-86 京都河原町
93%
HK-08 西宮北口
92%
HK-56 宝塚
90%
HK-81
90%
HK-85 烏丸
89%
HK-95 北千里
89%
HS 35 高速神戸
88%
HK-59 箕面
88%
HK-09 夙川
86%
HS 36 新開地
86%
HK-20 伊丹
86%
HK-98 嵐山
86%
HK-21 今津
85%
HK-84 大宮
85%
HK-77 長岡天神
79%
HK-11 岡本
78%
HK-83 西院
78%
HK-06 塚口
76%
HK-15 春日野道
76%
HK-30 甲陽園
76%
HK-68 南茨木
76%
HK-64 上新庄
75%
HK-13 六甲
74%
HK-17 花隈
74%
HK-46 豊中
74%
HK-48 石橋阪大前
74%
K11 天神橋筋六丁目
74%
HK-14 王子公園
72%
HK-47 蛍池
71%
HK-75 大山崎
71%
HK-88 下新庄
71%
HK-50 川西能勢口
69%
HK-51 雲雀丘花屋敷
69%
HK-78 西向日
69%
HK-04 神崎川
68%
HK-07 武庫之荘
68%
HK-89 吹田
68%
HK-12 御影
67%
HK-22 阪神国道
67%
HK-66 正雀
67%
HK-74 水無瀬
67%
HK-79 東向日
67%
HK-94 山田
67%
HK-05 園田
65%
HK-49 池田
65%
HK-61 南方
65%
HK-82 西京極
65%
HK-28 宝塚南口
64%
HK-10 芦屋川
63%
HK-67 摂津市
61%
HK-87 柴島
61%
HK-93 南千里
61%
HK-25 仁川
60%
HK-73 上牧
60%
HK-76 西山天王山
60%
HK-29 苦楽園口
57%
HK-43 服部天神
57%
HK-70 総持寺
57%
HK-41 三国
56%
HK-71 富田
56%
HK-62 崇禅寺
54%
HK-19 新伊丹
53%
HK-44 曽根
53%
HK-26 小林
51%
HK-65 相川
51%
HK-54 売布神社
50%
HK-55 清荒神
50%
HK-80 洛西口
50%
HK-23 門戸厄神
49%
HK-91 関大前
47%
HK-24 甲東園
46%
HK-42 庄内
46%
HK-45 岡町
46%
HK-96 上桂
44%
HK-52 山本
43%
HK-57 桜井
43%
HK-53 中山観音
42%
HK-27 逆瀬川
40%
HK-97 松尾大社
40%
HK-18 稲野
38%
HK-58 牧落
32%
HK-90 豊津
32%
HK-92 千里山
32%
No matching quizzes found
Score Distribution
Percent of People with Each Score
Percentile by Number Answered
Your Score History
You have not taken this quiz